The joy of saying no : (Record no. 382624)
[ view plain ]
| 000 -LEADER | |
|---|---|
| fixed length control field | 02226cam a2200361 i 4500 |
| 001 - CONTROL NUMBER | |
| control field | 1357103137 |
| 003 - CONTROL NUMBER IDENTIFIER | |
| control field | OCoLC |
| 005 - DATE AND TIME OF LATEST TRANSACTION | |
| control field | 20230403161736.0 |
| 008 - FIXED-LENGTH DATA ELEMENTS--GENERAL INFORMATION | |
| fixed length control field | 230109s2022 tnua b 001 0 eng d |
| 020 ## - INTERNATIONAL STANDARD BOOK NUMBER | |
| International Standard Book Number | 9780785290445 |
| 020 ## - INTERNATIONAL STANDARD BOOK NUMBER | |
| International Standard Book Number | 0785290443 |
| 035 ## - SYSTEM CONTROL NUMBER | |
| System control number | (OCoLC)1357103137 |
| 040 ## - CATALOGING SOURCE | |
| Original cataloging agency | UAP |
| Language of cataloging | eng |
| Description conventions | rda |
| Transcribing agency | UAP |
| Modifying agency | UAP |
| 082 ## - DEWEY DECIMAL CLASSIFICATION NUMBER | |
| Edition number | 158.2 |
| 092 ## - LOCALLY ASSIGNED DEWEY CALL NUMBER (OCLC) | |
| Classification number | General Nonfiction |
| Item number | Lue, Natalie |
| 100 1# - MAIN ENTRY--PERSONAL NAME | |
| Personal name | Lue, Natalie, |
| Relator term | author. |
| 9 (RLIN) | 6465096 |
| 245 14 - TITLE STATEMENT | |
| Title | The joy of saying no : |
| Remainder of title | a simple plan to stop people pleasing, reclaim boundaries, and say yes to the life you want / |
| Statement of responsibility, etc | Natalie Lue. |
| 264 #1 - Production, Publication, Distribution, Manufacture, and Copyright Notice. | |
| Place of production, publication, distribution, manufacture | [Nashville, TN] : |
| Name of producer, publisher, distributor, manufacturer | Harper Horizon, |
| Date of production, publication, distribution, manufacture, or copyr | [2022] |
| 300 ## - PHYSICAL DESCRIPTION | |
| Extent | xii, 226 pages : |
| Other physical details | illustration ; |
| Dimensions | 24 cm. |
| 336 ## - Content Type | |
| Content type term | text |
| 337 ## - Media type | |
| Media type term | unmediated |
| 338 ## - Carrier type | |
| Carrier type term | volume |
| 504 ## - BIBLIOGRAPHY, ETC. NOTE | |
| Bibliography, etc | Includes bibliographical references (pages 219-220) and index. |
| 520 ## - SUMMARY, ETC. | |
| Summary, etc | "Are you still playing a role you learned in childhood to please others, such as the Good Girl/Boy, the Overachiever, or the Helper? Though these kinds of roles may have gained us attention and affection, they prohibited us from becoming our true selves. People-pleasing--putting others ahead of ourselves to avoid something negative or to get something we want or need--runs rampant in our society. Saying yes when we should say no leaves us stuck in frustrating patterns. And when we don't say yes authentically, we say it resentfully, which leads to more problems than if we'd said no in the first place. The Joy of Saying No will help you identify your people-pleasing style and habits. A six-step framework then teaches you how to discover the healing and transformative power of no to establish healthier boundaries, foster more intimate relationships and fulfilling experiences, and reconnect with your values and authentic self." -- Amazon.com. |
| 650 #0 - SUBJECT ADDED ENTRY--TOPICAL TERM | |
| Topical term or geographic name as entry element | Boundaries (Psychology) |
| 9 (RLIN) | 6458062 |
| 650 #0 - SUBJECT ADDED ENTRY--TOPICAL TERM | |
| Topical term or geographic name as entry element | Assertiveness (Psychology) |
| 650 #0 - SUBJECT ADDED ENTRY--TOPICAL TERM | |
| Topical term or geographic name as entry element | Self-actualization (Psychology) |
| 650 #0 - SUBJECT ADDED ENTRY--TOPICAL TERM | |
| Topical term or geographic name as entry element | Social desirability. |
| 9 (RLIN) | 6444022 |
| 650 #0 - SUBJECT ADDED ENTRY--TOPICAL TERM | |
| Topical term or geographic name as entry element | Self-protective behavior. |
| 9 (RLIN) | 5872552 |
| 650 #0 - SUBJECT ADDED ENTRY--TOPICAL TERM | |
| Topical term or geographic name as entry element | Psychology, Pathological. |
| 655 #7 - INDEX TERM--GENRE/FORM | |
| Genre/form data or focus term | Self-help publications. |
| Source of term | lcgft. |
| 9 (RLIN) | 5768964 |
| 942 ## - ADDED ENTRY ELEMENTS (KOHA) | |
| Source of classification or shelving scheme | Dewey Decimal Classification |
| Koha item type | BOOK |
| Withdrawn status | Lost status | Source of classification or shelving scheme | Damaged status | Not for loan | Collection code | Home library | Current library | Shelving location | Date acquired | Source of acquisition | Total Checkouts | Total Renewals | Full call number | Barcode | Date last seen | Date checked out | Cost, replacement price | Price effective from | Koha item type |
|---|---|---|---|---|---|---|---|---|---|---|---|---|---|---|---|---|---|---|---|
| Dewey Decimal Classification | General NonFiction | Wasatch County Library | Wasatch County Library | Second Floor | 04/03/2023 | Micromarketing | 6 | 8 | 158.2 Lue | 34301002001271 | 02/20/2026 | 10/26/2024 | 28.99 | 04/03/2023 | BOOK |
